Pertunjukan udara

Bibliographic Details
Main Author: Najihah Aarif
Format: Book
Published: Selangor : Penerbitan Dijaya Ehsan , 2018
Series:Siri imaginasi
Subjects:

MARC

LEADER 00000cam a2200000 7i4500
001 0000083244
005 20190321.0
008 190321
020 |a 9789670933306 (SET) 
020 |a 9789670933337 
041 0 |a Malay 
090 0 0 |a AD   |b MAL 
100 0 |a Najihah Aarif 
245 0 0 |a Pertunjukan udara   |c Najihah Aarif 
260 |a Selangor :   |b Penerbitan Dijaya Ehsan ,   |c 2018 
300 |a 110p. ;   |c 19.1cm. 
490 0 |a Siri imaginasi 
500 |a Children ages 10-12 years old (pink) 
541 0 0 |c Purchased on 2018   |f 00296 TSR   |h RM28.00 
650 0 |a Children's stories, Malay 
650 0 |a Malay fiction 
650 0 |a Malaysian fiction (Malay) 
999 |a 0001567914   |b Book   |c Children Collection   |e Cawangan Kota Tinggi 
999 |a 0001567915   |b Book   |c Children Collection   |e Cawangan Bandar Tenggara 
999 |a 0001567916   |b Book   |c Children Collection   |e Cawangan Muar 
999 |a 0001567917   |b Book   |c Children Collection   |e Cawangan Batu Pahat 
999 |a 0001567918   |b Book   |c Children Collection   |e Cawangan Segamat 
999 |a 0001567919   |b Book   |c Children Collection   |e Cawangan Taman Sri Lambak 
999 |a 0001567921   |b Book   |c Children Collection   |e Cawangan Pontian 
999 |a 0001567922   |b Book   |c Children Collection   |e Cawangan Taman Universiti 
999 |a 0001567923   |b Book   |c Children Collection   |e Cawangan Tangkak 
999 |a 0001567924   |b Book   |c Children Collection   |e Cawangan Bukit Gambir 
999 |a 0001567925   |b Book   |c Children Collection   |e Cawangan Tmn. Ungku Tun Aminah 
999 |a 0001567926   |b Book   |c Children Collection   |e Cawangan Mersing 
999 |a 0001567927   |b Book   |c Children Collection   |e Cawangan Bandar Penawar 
999 |a 0001568049   |b Book   |c Children Collection   |e Perbadanan Perpustakaan Awam Johor 
999 |a 0001568050   |b Book   |c Children Collection   |e Cawangan Urban Transformation Centre